ការថែទាំផ្ទៃពោះ / (Record no. 1481)

MARC details
000 -LEADER
fixed length control field 01370nam a22002777a 4500
005 - DATE AND TIME OF LATEST TRANSACTION
control field 20250506155954.0
020 ## - INTERNATIONAL STANDARD BOOK NUMBER
International Standard Book Number 9789995054533
040 ## - CATALOGING SOURCE
Original cataloging agency FISKH
Language of cataloging eng
Transcribing agency FISKH
Modifying agency FISKH
082 ## - DEWEY DECIMAL CLASSIFICATION NUMBER
Classification number 618.2
100 ## - MAIN ENTRY--PERSONAL NAME
Personal name Poree, Anne-Laure
245 ## - TITLE STATEMENT
Title ការថែទាំផ្ទៃពោះ /
250 ## - EDITION STATEMENT
Edition statement បោះពុម្ពលើកទី ៥ មករា ២០២៣
260 ## - PUBLICATION, DISTRIBUTION, ETC.
Place of publication, distribution, etc. Phnom Penh :
Name of publisher, distributor, etc. Sipar,
Date of publication, distribution, etc. 2023.
300 ## - PHYSICAL DESCRIPTION
Extent 52 pages :
Other physical details color illustrations ;
Dimensions 29 cm
490 ## - SERIES STATEMENT
Series statement បំណិនជីវិត
505 ## - FORMATTED CONTENTS NOTE
Formatted contents note Z'<br/>
520 ## - SUMMARY, ETC.
Summary, etc. និយាអំពីការបង្កកំណើត ការថែទាំខ្លួន និងទារកក្នុងផ្ទៃ ការលូតលាស់ទារកក្នុងផ្ទៃ ការសម្រាលកូន និងការថែទាំទារកក្រោយពេលសម្រាល។
520 ## - SUMMARY, ETC.
Summary, etc. Talk about fertilization, personal and fetal care, fetal growth, childbirth, and postpartum care.
521 ## - TARGET AUDIENCE NOTE
Target audience note 1120<br/><br/>
Source Lexile estimate<br/>
521 ## - TARGET AUDIENCE NOTE
Target audience note Z'<br/><br/>
Source Raz-Plus<br/>
650 ## - SUBJECT ADDED ENTRY--TOPICAL TERM
Topical term or geographic name entry element ការថែទាំខ្លួន
Form subdivision ការលូតលាស់
General subdivision ការសម្រាលកូន
650 ## - SUBJECT ADDED ENTRY--TOPICAL TERM
Topical term or geographic name entry element Fetal care
Form subdivision Fetal growth
General subdivision Childbirth
700 ## - ADDED ENTRY--PERSONAL NAME
Personal name Sophaleap, Nhoek
Titles and other words associated with a name illustrator
942 ## - ADDED ENTRY ELEMENTS (KOHA)
Source of classification or shelving scheme Dewey Decimal Classification
Koha item type Khmer Books
Suppress in OPAC No
999 ## -
-- 1481
-- 1481
Holdings
Withdrawn status Lost status Source of classification or shelving scheme Damaged status Not for loan Collection Home library Current library Shelving location Date acquired Total Checkouts Full call number Barcode Date last seen Copy number Price effective from Koha item type Date last checked out
    Dewey Decimal Classification     Khmer Non-Fiction / សៀវភៅខ្មែរ រឿងពិត Footprints International School Library Network Toul Kork Campus Footprints International School Library Network Toul Kork Campus   08/28/2023   POR 618.2 2023-0385 08/28/2023 1 08/28/2023 Khmer Books  
    Dewey Decimal Classification     Khmer Non-Fiction / សៀវភៅខ្មែរ រឿងពិត Footprints International School Library Network Toul Tom Poung Campus Footprints International School Library Network Toul Kork Campus TTP Secondary Khmer Bookshelves 08/28/2023 1 POR 618.2 2023-0386 01/05/2026 2 08/28/2023 Khmer Books 12/01/2025